000 00687cam a2200205 i 4500
020 _a047134530X
082 _a530.02462
_bRES
100 1 _aHalliday, David,
_95033
245 1 0 _aPhysics /
_cDavid Halliday, Robert Resnick.
250 _aParts I
260 _aNew York :
_bWiley,
_cc1966.
300 _axvii, 646, 63 p. :
_bill. ;
_c26 cm.
500 _a2 volume 3d ed. cataloged under Robert Resnick.
500 _aPublished in 1960 and 1962 under title: Physics for students of science and engineering.
526 _a0
_b0
_c0
_d530_024620000000000_RES
526 _a0
_b0
_c0
_d530_024620000000000_RES
650 0 _aPhysics.
700 1 _aResnick, Robert,
_98684
942 _2ddc
_cBK
999 _c544210
_d544210